Chhattisgarh me kandel nahar satyagraha ka aitihasik anusheelan (1900-1947) (Record no. 11497)

MARC details
000 -LEADER
fixed length control field 00563nam a2200169Ia 4500
082 ## - DEWEY DECIMAL CLASSIFICATION NUMBER
Classification number TS.0792
100 ## - MAIN ENTRY--AUTHOR NAME
Personal name Sharma, Ajaya Kumar
245 #0 - TITLE STATEMENT
Title Chhattisgarh me kandel nahar satyagraha ka aitihasik anusheelan (1900-1947)
250 ## - EDITION STATEMENT
Edition statement Pandit Ravishankar Shukla
260 ## - PUBLICATION, DISTRIBUTION, ETC. (IMPRINT)
Year of publication 1993
300 ## - PHYSICAL DESCRIPTION
Number of Pages v.p.
650 ## - SUBJECT ADDED ENTRY--TOPICAL TERM
Topical Term FOREIGN STRUGGLE IN INDIA///KANDEL NAHAR SATYAGRAHA - 1900-1947
650 ## - SUBJECT ADDED ENTRY--TOPICAL TERM
Topical Term INDIA - HISTORY - 20TH CENTURY///KANDEL NAHAR SATYAGRAHA - 1900-1947
650 ## - SUBJECT ADDED ENTRY--TOPICAL TERM
Topical Term KANDEL NAHAR SATYAGRAHA - 1990-1947
710 ## - ADDED ENTRY--CORPORATE NAME
Corporate name or jurisdiction name as entry element Shukla, Santa
942 ## - ADDED ENTRY ELEMENTS (KOHA)
Koha item type Thesis
Source of classification or shelving scheme Dewey Decimal Classification
Holdings
Withdrawn status Lost status Damaged status Not for loan Home library Current library Date acquired Bill Date Full call number Accession Number Price effective from Koha item type
        NASSDOC Library NASSDOC Library 08/10/2004 2008-12-30 TS.0792 33436 18/04/2019 Thesis